| 000 -ლიდერი |
| ფიქსირებული სიგრძის საკონტროლო ველი |
01887nam a22002417a 4500 |
| 003 - საკონტროლო ნომრის იდენტიფიკატორი |
| საკონტროლო ველი |
Ge_BSU |
| 005 - ბოლო ოპერაციის თარიღი და დრო |
| საკონტროლო ველი |
20211103135933.0 |
| 008 - ფიქსირებული სიგრძის მონაცემთა ელემენტები - ზოგადი ინფორმაცია |
| ფიქსირებული სიგრძის საკონტროლო ველი |
211103s2019 ge ||||| |||| 00| 0 geo d |
| 020 ## - წიგნის საერთაშორისო სტანდარტული ნომერი |
| International Standard Book Number |
9789941810008 |
| 041 ## - ენის კოდი |
| Language code of text/sound track or separate title |
geo |
| 080 ## - უნივერსალური ათობითი კლასიფიკაციის ინდექსი |
| Universal Decimal Classification number |
2-1+ 1(430)(092 ჰეგელი) ჰ-39 |
| 245 ## - ცნობა სათაურის შესახებ |
| Title |
ჰეგელის რელიგიის ფილოსოფია = Hegel's Philosophy of Religion : |
| Remainder of title |
[კრებული] / |
| Statement of responsibility, etc |
შემდგენელი და სამეცნიერო რედაქტორი თენგიზ ირემაძე ; დაკაბადონება და ყდის დიზაინი გიორგი ბაგრატიონი ; ახალი საქართველოს უნივერსიტეტი, კავკასიური ფილოსოფიისა და თეოლოგიის სამეცნიერო-კვლევითი არქივი. |
| 250 ## - გამოცემის ცნობა |
| Edition statement |
I გამოცემა. |
| 264 ## - წარმოების, გამოცემის, დისტრიბუციის და სხვა ცნობები |
| გამოცემის, წარმოების, დისტრიბუციის... ადგილი |
თბილისი, |
| გამოცემის, წარმოების, დისტრიბუციის... თარიღი |
2019. |
| 300 ## - ფიზიკური აღწერა |
| Extent |
276 გვ. ; |
| Other physical details |
19 სმ. |
| 520 ## - SUMMARY, ETC. |
| Summary, etc |
რეზიუმე ინგლისურ ენაზე. |
| 653 ## - INDEX TERM--UNCONTROLLED |
| Uncontrolled term |
ჰეგელი, გეორგ ვილჰელმ ფრიდრიხ |
| 653 ## - INDEX TERM--UNCONTROLLED |
| Uncontrolled term |
რელიგიის ფილოსოფია |
| 700 ## - ADDED ENTRY--PERSONAL NAME |
| Personal name |
ზაქარაძე, ლალი |
| Relator term |
ავტორი |
| 9 (RLIN) |
12801 |
| 700 ## - ADDED ENTRY--PERSONAL NAME |
| Personal name |
ირემაძე, თენგიზ |
| Relator term |
შემდგენელი, სამეცნიერო რედაქტორი. |
| 9 (RLIN) |
2229 |
| 710 ## - ADDED ENTRY--CORPORATE NAME |
| Corporate name or jurisdiction name as entry element |
ახალი საქართველოს უნივერსიტეტი. |
| Subordinate unit |
კავკასიური ფილოსოფიისა და თეოლოგიის სამეცნიერო-კვლევითი არქივი. |
| 9 (RLIN) |
12802 |
| 942 ## - ADDED ENTRY ELEMENTS (KOHA) |
| Source of classification or shelving scheme |
|
| Koha item type |
წიგნი |